| 000 | 00558cam a2200217ua 4500 | ||
|---|---|---|---|
| 001 | 8442 | ||
| 005 | 20260515114333.0 | ||
| 008 | 150130n ii |||gr||||Z||||||eng | ||
| 020 | _a8170186633 | ||
| 040 | _cMAIN | ||
| 041 | _aeng | ||
| 082 | _a808.1 | ||
| 100 |
_aSingh, C. S., _eAuthor. |
||
| 245 | 1 |
_aLiterary theory : _bPossibilitiues and limits / _cBy Charu Sheel Singh . |
|
| 250 | _a1st. | ||
| 260 |
_aDelhi: _bB. R., _c1991. |
||
| 300 | _avii,150p. | ||
| 653 | _aRhetoric & collections of literature | ||
| 653 | _aLitarary thoery | ||
| 942 | _cBK | ||
| 999 |
_c7544 _d7544 |
||